000 00463nam a2200181Ia 4500
005 20230327150954.0
008 131103s9999 xx 000 0 und d
040 _aLoreto College
041 _aEnglish
082 _a891.443
_bGHO
100 _aGhosal, Chittaranjan
245 _aKishor puran samagra
_cChittaranjan Ghosal
260 _aKolkata
_bGrantan prokasan
_c1986
300 _a596p.
650 _aBengali Literature
850 _aLCLIB
942 _cBK
999 _c21540
_d72019